000 00597nam a22002057a 4500
003 OSt
005 20260629151027.0
008 260629b |||||||| |||| 00| 0 eng d
020 _a9781483811697
040 _cChuka University Library
050 _a Q 182 .S65 2015
245 _aSpectrum science
260 _aGreensboro
_bCarson-Dellosa
_c2015
300 _aVarious Paging
_bIllustrated
650 _aScience-study and teaching
_920578
650 _aScience-problems, exercises
_931626
650 _aElementary education
_931627
700 _aSpectrum
_931628
942 _2lcc
_cBK
_n0
999 _c25421
_d25421